| 000 | 00000nam##2200000za#4500 |
| 001 | 9.602373 |
| 003 | CaOODSP |
| 005 | 20220328113246 |
| 007 | cr ||||||||||| |
| 008 | 150406|1998||||xxc|||||o f|0| 0 fre|d |
| 040 | |aCaOODSP|bfre |
| 043 | |an-cn--- |
| 086 | 1 |aC21-27/2-1998-3F-PDF |
| 110 | 1 |aCanada. |bIndustrie Canada. |
| 245 | 10|aLes conséquences du changement technologique pour les politiques de main-d'oeuvre / |h[ressource électronique]|cpar Julian R. Betts. |
| 260 | |aOttawa - Ontario : |bIndustrie Canada |cNovembre 1998. |
| 300 | |a83p.|bgraphiques |
| 490 | 1 |aLe Canada au 21e siècle. II, Ressources et technologie|vN° 7 |
| 500 | |aLe n° de catalogue (C21-27/2-1998-3) de l'édition imprimée bilingue a été incorrectement copié dans l'édition électronique. |
| 504 | |aBibliographie. |
| 590 | |a11-24-Supp|b2011-10-24 |
| 691 | 07|aFormation|2gcpds |
| 691 | 07|aInnovation technologique|2gcpds |
| 691 | 07|aMarché du travail|2gcpds |
| 720 | 1 |aBetts, Julian R. |
| 775 | 08|tThe implications of technological change for human resource policy / |w(CaOODSP)9.571953 |
| 776 | 0#|tLes conséquences du changement technologique pour les politiques de main-d'oeuvre / |w(CaOODSP)9.532851 |
| 776 | 0#|tThe implications of technological change for human resources policy / |w(CaOODSP)9.532850 |
| 830 | #0|aLe Canada au 21e siècle. II, Ressources et technologie ;|vN° 7|w(CaOODSP)9.502917 |
| 856 | 40|ahttp://publications.gc.ca|qPDF|s218 Ko|uhttps://publications.gc.ca/collections/Collection/C21-27-2-1998-3F.pdf|yN° 7 |